[Event "ISR-chT U14"]
[Site "Afula"]
[Date "2022.08.22"]
[Round "3"]
[White "Shilo, Michael"]
[Black "Leib, Yoni"]
[Result "0-1"]
[WhiteElo "1131"]
[BlackElo "1607"]
[PlyCount "88"]
[EventDate "2022.08.21"]
[EventType "team-tourn"]
[EventRounds "9"]
[EventCountry "ISR"]
[SourceTitle "CBM 210 Extra"]
[Source "ChessBase"]
[SourceDate "2022.11.30"]
[SourceVersion "1"]
[SourceVersionDate "2022.11.30"]
[SourceQuality "1"]

1. e4 c5 2. c3 Nf6 3. e5 Nd5 4. d4 cxd4 5. cxd4 d6 6. exd6 Qxd6 7. Be3 Nc6 8. Nf3 g6 9. Be2 Bg7 10. 0-0 0-0 11. Na3 Bg4 12. Rc1 Qd7 13. Nc4 Nxe3 14. fxe3 Rfd8 15. Nfd2 Be6 16. Nb3 b6 17. Bf3 Rac8 18. Ncd2 Nb4 19. Rxc8 Rxc8 20. a3 Nc2 21. Qe2 Bh6 22. Be4 Bxe3+ 23. Kh1 Bxd2 24. Nxd2 Qxd4 25. Rc1 Qe3 26. Qxe3 Nxe3 27. Rxc8+ Bxc8 28. b4 f5 29. Bd3 e5 30. g3 Kf7 31. Kg1 e4 32. Bc4+ Be6 33. Bb5 Nc2 34. Nc4 Bxc4 35. Bxc4+ Kf6 36. Kf2 Nxa3 37. Bb3 Ke5 38. Ke3 b5 39. h3 Nc4+ 40. Ke2 Kd4 41. g4 f4 42. Bc2 Ne5 43. Bb3 f3+ 44. Kf1 e3 0-1